000 00218nam a22000977a 4500
082 _a623.44 HAN'D
245 _aHANDBOOK OF INFANTRY WEAPONS
260 _aQUETTA
_bTECHNICAL WING
_c1960
300 _a16.9P
942 _cBK
999 _c581493
_d581493